000 00300nam a22001337a 4500
008 170321b xxu||||| |||| 00| 0 eng d
020 _a9781556645570
041 _aeng
080 _22ND
_a616.12-008-073
100 _a7
101 _aSHM
245 _aECG INTERPRETATION
_cGRAUER, K
942 _2udc
_cBK
999 _c8181
_d8181